Gun control and suicide: The impact of state firearm regulations, 1995-2004

Suicide is a major cause of preventable death. Restricting access to lethal means has been identified as an effective approach to suicide prevention, and firearms regulations are one way to reduce gun availability. This study examines the relationship between state firearms regulations and suicide a...

Full description

Saved in:  
Bibliographic Details
Authors: Andres, Antonio Rodriguez (Author) ; Hempstead, Katherine (Author)
Format: Electronic Book
Language:English
Online Access: Volltext (kostenfrei)
Check availability: HBZ Gateway
Keywords:

MARC

LEADER 00000cam a22000002c 4500
001 1866306227
003 DE-627
005 20250207054829.0
007 cr uuu---uuuuu
008 231019nuuuuuuuuxx |||||o 00| ||eng c
035 |a (DE-627)1866306227 
035 |a (DE-599)KXP1866306227 
040 |a DE-627  |b ger  |c DE-627  |e rda 
041 |a eng 
084 |a 2,1  |2 ssgn 
100 1 |a Andres, Antonio Rodriguez  |e VerfasserIn  |4 aut 
245 1 0 |a Gun control and suicide: The impact of state firearm regulations, 1995-2004 
336 |a Text  |b txt  |2 rdacontent 
337 |a Computermedien  |b c  |2 rdamedia 
338 |a Online-Ressource  |b cr  |2 rdacarrier 
520 |a Suicide is a major cause of preventable death. Restricting access to lethal means has been identified as an effective approach to suicide prevention, and firearms regulations are one way to reduce gun availability. This study examines the relationship between state firearms regulations and suicide among males, using negative binomial regression and state panel data for the years 1995–2004. Results suggest that firearms regulations which function to reduce overall gun availability have a significant deterrent effect on suicide, while prohibited persons categories have less of an effect. Overall, the results suggest that gun control measures such as permit and licensing requirements might have public health benefits.suicide; guns; panel data; state regulations 
650 4 |a Research 
700 1 |a Hempstead, Katherine  |e VerfasserIn  |4 aut 
856 4 0 |u https://core.ac.uk/download/pdf/7004107.pdf  |x Verlag  |z kostenfrei  |3 Volltext  |7 0 
935 |a mkri 
951 |a BO 
ELC |a 1 
LOK |0 000 xxxxxcx a22 zn 4500 
LOK |0 001 4392949745 
LOK |0 003 DE-627 
LOK |0 004 1866306227 
LOK |0 005 20231019043628 
LOK |0 008 231019||||||||||||||||ger||||||| 
LOK |0 035   |a (DE-2619)CORE2910747 
LOK |0 040   |a DE-2619  |c DE-627  |d DE-2619 
LOK |0 092   |o n 
LOK |0 852   |a DE-2619 
LOK |0 852 1  |9 00 
LOK |0 935   |a core 
LOK |0 939   |a 19-10-23  |b l01 
OAS |a 1 
ORI |a SA-MARC-krimdoka001.raw